Encyclopaedia of education, literature and Islam : volume 3 :

Bibliographic Details
Format: Book
Published: New Delhi : Anmol Publications Pvt. Ltd , 2013
Subjects:

MARC

LEADER 00000cam a2200000 7i4500
001 0000047958
005 20150603.0
008 150602
020 |a 9788126151165 (set) 
090 0 0 |a 297.2   |b ENC 
245 1 0 |a Encyclopaedia of education, literature and Islam :   |b volume 3 :   |b educational curriculum origin and character of Islamic education 
260 |a New Delhi :   |b Anmol Publications Pvt. Ltd ,   |c 2013 
650 0 |a Islamic education 
650 0 |a Islam   |x Customs & practices 
650 0 |a Islam   |x Doctrines 
999 |a 0001349502   |b Book   |c REFERENCE   |e Perbadanan Perpustakaan Awam Johor